Länder Mit 4 Buchstaben - Eine Minute Sprint - Statistiken

Allgemein
  • Dieses Quiz wurde 286 mal gespielt
  • Das Durchschnittsergebnis liegt bei 7 aus 8
Antwortstatistiken
Antwort % Korrekt
Iran
85%
Togo
85%
Irak
84%
Laos
84%
Peru
81%
Mali
79%
Oman
78%
Kuba
75%
Keine übereinstimmenden Quizze gefunden
Verteilung der Resultate
Anzahl Personen mit jedem Resultat
Perzentil nach korrekt beantworteten Fragen
Ihre Resultats-Entwicklung
Sie haben dieses Quiz noch nicht gespielt